Factores sociodemográficos y clínicos asociados a mortalidad materna en el municipio de Montería : (Registro nro. 49011)

Detalles MARC
000 -LEADER
fixed length control field 02125nam a2200253 4500
005 - DATE AND TIME OF LATEST TRANSACTION
control field 20250617151426.0
008 - FIXED-LENGTH DATA ELEMENTS--GENERAL INFORMATION
fixed length control field 190415s2025 000 0 eng d
040 ## - CATALOGING SOURCE
Original cataloging agency CO-CtgCURN
Language of cataloging spa
Transcribing agency coctgcurn
082 0# - DEWEY DECIMAL CLASSIFICATION NUMBER
Classification number INQ 2025
Item number C292
100 1# - MAIN ENTRY--PERSONAL NAME
Personal name Caro Potes, Yary Viviani.
245 10 - TITLE STATEMENT
Title Factores sociodemográficos y clínicos asociados a mortalidad materna en el municipio de Montería :
Remainder of title Córdoba entre los años 2019-2023 /
Statement of responsibility, etc. Yary Viviani Caro Potes; Carlos Jose Menco Beleño; Yulieth Vanessa Galan Quintero; Michell Dayana Castilla Acosta; Asesor: Jaime Alberto Lorduy Gomez.
260 ## - PUBLICATION, DISTRIBUTION, ETC.
Place of publication, distribution, etc. Cartagena de Indias :
Name of publisher, distributor, etc. Corporación Universitaria Rafael Nuñez,
Date of publication, distribution, etc. 2025.
300 ## - PHYSICAL DESCRIPTION
Extent 72 hojas.
504 ## - BIBLIOGRAPHY, ETC. NOTE
Bibliography, etc. note Trabajo de grado (Instrumentación quirúrgica). Corporación Universitaria Rafael Nuñez. Facultad de Ciencias de la Salud. Instrumentación Quirúrgica, 2025.
520 ## - SUMMARY, ETC.
Summary, etc. "La mortalidad materna es un problema de salud pública que refleja desigualdades en el acceso a servicios de salud de calidad. En Colombia, la mortalidad materna es objeto de reporte obligatorio para la vigilancia. La situación se agrava en pases con sistemas de salud deficientes. El departamento de Córdoba, Colombia, enfrenta desafíos adicionales, con una razón de mortalidad materna superior a la media nacional. Los riesgos de mortalidad materna aumentan con la edad materna avanzada, falta de educación, nuliparidad y alta paridad. Las causas principales incluyen hemorragias graves, infecciones, hipertensión arterial, complicaciones en el parto y abortos peligrosos "
650 #0 - SUBJECT ADDED ENTRY--TOPICAL TERM
Topical term or geographic name entry element Instrumentación quirúrgica
Form subdivision Tesis y disertaciones academicas.
700 1# - ADDED ENTRY--PERSONAL NAME
Personal name Menco Beleño, Carlos José.
700 1# - ADDED ENTRY--PERSONAL NAME
Personal name Galan Quintero, Yulieth Vanessa.
700 1# - ADDED ENTRY--PERSONAL NAME
Personal name Castilla Acosta, Michell Dayana.
700 1# - ADDED ENTRY--PERSONAL NAME
Personal name Lorduy Gómez, Jaime Alberto,
Relator term Asesor.
856 ## - ELECTRONIC LOCATION AND ACCESS
Uniform Resource Identifier <a href="https://unicurn.sharepoint.com/:b:/s/biblioteca/EVb30yrrvPdGkDiJ6z-FLo8BypInAoDBJ3TmaNqfEN6m4g?e=XtsvS3">https://unicurn.sharepoint.com/:b:/s/biblioteca/EVb30yrrvPdGkDiJ6z-FLo8BypInAoDBJ3TmaNqfEN6m4g?e=XtsvS3</a>
Public note Click aqui para ver el recurso en texto completo
942 ## - ADDED ENTRY ELEMENTS (KOHA)
Source of classification or shelving scheme Dewey Decimal Classification
Koha item type Trabajos de grado
Classification part INQ 2025
Item part C292
Existencias
Withdrawn status Lost status Source of classification or shelving scheme Damaged status Not for loan Collection Home library Current library Shelving location Date acquired Source of acquisition Cost, normal purchase price Inventory number Total checkouts Full call number Barcode Date last seen Price effective from Koha item type
    Dewey Decimal Classification     Trabajos de grado Miguel Henríquez Emiliani Miguel Henríquez Emiliani Trabajo de grado 06/01/2019 El autor 350000.00 025502   INQ 2025 C292 025502 06/20/2019 06/20/2019 Trabajos de grado